000 00756nam a2200229 i 4500
001 57887
003 ES-MaACL
005 20230906163655.0
007 t|
008 031020s1985 sp ||||1| spa d
020 _a84-206-9520-3
100 1 _aDuby, Georges.
_945797
245 1 0 _aGuillermo el Mariscal /
_cGeorges Duby ; versión española de Carmen López Alonso.
260 _aMadrid :
_bAlianza,
_c[1985]
300 _a175 p. ;
_c23 cm.
504 _aBibliografía.
600 1 4 _aPembroke (
_qWilliam Marshal,)
_cEarl of.
_9156509
650 0 4 _aCaballeros y caballería.
_910655
651 4 _aGran Bretaña-
_xHistoria-
_y1154-1216, Periodo angevino.
_9156510
700 1 _aLópez Alonso, Carmen.
_973389
852 _aES-MaACL
_jL-11593
_bR.110793
999 _c57887
_d57887